| 000 | 01070nam a2200289Ia 4500 | ||
|---|---|---|---|
| 001 | Para_1396 | ||
| 003 | CHAP | ||
| 008 | 220125s1999 xx 000 0 und d | ||
| 010 | _a200104 | ||
| 040 | _cCHAP | ||
| 090 | _aPA TESIS 1337 | ||
| 100 |
_aRamírez Ramírez, Francisco _9165032 |
||
| 245 |
_aImpacto de las aspersiones aéreas de cebo-tóxico (Malatión + Proteina hidrolizada), contra la mosca mexicana de la fruta Anastrepha ludens (Loew.), (Diptera : _b Tephritidae), en Río verde y Cd. Fernández, S.L.P. / _c por Francisco Ramírez Ramírez |
||
| 260 |
_aChapingo : _b El autor |
||
| 300 | _a45 h. | ||
| 502 | _aTesis (Ing. Agr. Esp. en Parasitología Agrícola), UACh. Depto. Parasitología | ||
| 650 |
_aAnastrepha ludens _95487 |
||
| 650 |
_aPesticidas _x aplicación _987539 |
||
| 710 |
_aUACh. Departamento de Parasitología Agrícola _9115877 |
||
| 901 | _aPA TESIS 1337 | ||
| 902 | _aA | ||
| 905 | _a0000001999 a 0000000000 00 | ||
| 910 | _a1999 | ||
| 942 | _cPARA | ||
| 942 |
_cPARA _d1 |
||
| 999 |
_c200104 _d200104 |
||